[Event "Seefeld op 19th"]
[Site "Seefeld"]
[Date "2008.09.13"]
[Round "9"]
[White "Oettinger, Hagen"]
[Black "Vonach, Bernhard"]
[Result "1/2-1/2"]
[WhiteElo "2108"]
[BlackElo "2008"]
[PlyCount "80"]
[EventDate "2008.09.05"]
[EventType "swiss"]
[EventRounds "9"]
[EventCountry "AUT"]
[SourceTitle "EXT 2019"]
[Source "ChessBase"]
[SourceDate "2018.10.10"]
[SourceVersion "1"]
[SourceVersionDate "2018.10.10"]
[SourceQuality "1"]

1. d4 Nf6 2. Nf3 d5 3. g3 e6 4. Bg2 Be7 5. 0-0 0-0 6. c4 b6 7. Nc3 Bb7 8. Ne5 Nbd7 9. Qa4 Nxe5 10. dxe5 Ne4 11. cxd5 Nxc3 12. bxc3 exd5 13. c4 c6 14. Rd1 Qc7 15. cxd5 cxd5 16. e4 Bc6 17. Qc2 dxe4 18. Bxe4 Bc5 19. Bxh7+ Kh8 20. Qf5 Qc8 21. Qh5 Bf3 22. Qxf3 Kxh7 23. Qh5+ Kg8 24. Bf4 Qe6 25. a4 Rad8 26. Qf3 Rd7 27. Rxd7 Qxd7 28. a5 Rd8 29. axb6 Bxb6 30. Bg5 Qd5 31. Qxd5 Rxd5 32. Bf4 Bd4 33. Ra6 Bxe5 34. Bxe5 Rxe5 35. Rxa7 Re1+ 36. Kg2 g6 37. g4 Kg7 38. h4 Re4 39. f3 Rb4 40. Kg3 Rb1 1/2-1/2

[Event "Seefeld op 19th"]
[Site "Seefeld"]
[Date "2008.09.09"]
[Round "5"]
[White "Oettinger, Hagen"]
[Black "Schmidt, Juergen"]
[Result "1/2-1/2"]
[WhiteElo "2108"]
[BlackElo "2038"]
[PlyCount "66"]
[EventDate "2008.09.05"]
[EventType "swiss"]
[EventRounds "9"]
[EventCountry "AUT"]
[SourceTitle "EXT 2010"]
[Source "ChessBase"]
[SourceDate "2010.11.25"]
[SourceVersion "1"]
[SourceVersionDate "2010.11.25"]
[SourceQuality "1"]

1. d4 d5 2. e4 dxe4 3. Nc3 Nf6 4. f3 exf3 5. Nxf3 g6 6. Bc4 Bg7 7. 0-0 0-0 8. Bg5 Nbd7 9. Qe1 h6 10. Bh4 g5 11. Bg3 Nb6 12. Bb3 c6 13. Rd1 Bg4 14. Rd2 Bxf3 15. Rxf3 Nbd5 16. Nxd5 cxd5 17. c4 Ne4 18. Rd1 e6 19. cxd5 exd5 20. Rf5 Nxg3 21. Qxg3 Qb6 22. Rxd5 Rad8 23. Qf3 Rxd5 24. Qxd5 Qd8 25. Qxb7 Bxd4+ 26. Kh1 Qf6 27. Bc4 Qb6 28. Qd5 Bxb2 29. Rf1 Bf6 30. Qf5 Kg7 31. Bd3 Rh8 32. Be4 Qd6 33. Qf3 Rf8 1/2-1/2

[Event "Seefeld op 18th"]
[Site "Seefeld"]
[Date "2007.09.04"]
[Round "4"]
[White "Russ, Colin"]
[Black "Oettinger, Hagen"]
[Result "0-1"]
[WhiteElo "1760"]
[BlackElo "2085"]
[PlyCount "108"]
[EventDate "2007.09.01"]
[EventType "swiss"]
[EventRounds "9"]
[EventCountry "AUT"]
[SourceTitle "EXT 2009"]
[Source "ChessBase"]
[SourceDate "2008.11.26"]
[SourceVersion "1"]
[SourceVersionDate "2008.11.26"]
[SourceQuality "1"]

1. d4 Nf6 2. c4 g6 3. Nc3 Bg7 4. e4 d6 5. Nf3 0-0 6. Be2 c6 7. h3 Nbd7 8. Be3 e5 9. 0-0 Re8 10. dxe5 dxe5 11. Qc2 Qc7 12. Rad1 a5 13. Nh4 Nf8 14. Bc5 b6 15. Bd6 Qa7 16. Na4 Bb7 17. c5 b5 18. Nb6 Rad8 19. Nf3 Nh5 20. g3 Bc8 21. Kg2 Nd7 22. Nxc8 Rxc8 23. Ng5 Nhf6 24. Bg4 Nxg4 25. hxg4 Nf6 26. f3 h6 27. Nh3 Rcd8 28. Rd2 Nd7 29. Rfd1 Nf8 30. Nf2 Ne6 31. Nd3 Nd4 32. Qc1 f6 33. Ne1 Qf7 34. Nc2 Nxc2 35. Rxc2 Qxa2 36. b4 Qa4 37. bxa5 Qxa5 38. Qb2 Qa7 39. Ra1 Qf7 40. Ra6 Rc8 41. Qa3 Red8 42. Ra7 Rd7 43. Qa6 Rxa7 44. Qxc8+ Kh7 45. Qxc6 Qb3 46. Rf2 Ra1 47. Rf1 Qc2+ 48. Rf2 Qd1 49. Kh3 Qh1+ 50. Rh2 Qf1+ 51. Kh4 Qg1 52. Kh3 Qf1+ 53. Kh4 Ra2 54. Rh3 g5+ 0-1

[Event "Seefeld op 18th"]
[Site "Seefeld"]
[Date "2007.09.02"]
[Round "2"]
[White "Oettinger, Hagen"]
[Black "Heinig, Wolfram"]
[Result "1/2-1/2"]
[WhiteElo "2085"]
[BlackElo "2360"]
[PlyCount "41"]
[EventDate "2007.09.01"]
[EventType "swiss"]
[EventRounds "9"]
[EventCountry "AUT"]
[SourceTitle "EXT 2009"]
[Source "ChessBase"]
[SourceDate "2008.11.26"]
[SourceVersion "1"]
[SourceVersionDate "2008.11.26"]
[SourceQuality "1"]

1. d4 Nf6 2. Nf3 c5 3. d5 b5 4. c4 Bb7 5. Qc2 bxc4 6. e4 e6 7. Bxc4 Be7 8. Nc3 exd5 9. exd5 0-0 10. 0-0 d6 11. Bf4 Nbd7 12. Rad1 Nb6 13. b3 Nh5 14. Bc1 Nxc4 15. bxc4 Bc8 16. Rfe1 g6 17. Re3 Bf5 18. Qa4 Bd7 19. Qa6 Re8 20. Rde1 Bf8 21. Rxe8 1/2-1/2

[Event "Seefeld op 16th"]
[Site "Seefeld"]
[Date "2005.09.21"]
[Round "5"]
[White "Oettinger, Hagen"]
[Black "Ranker, Klemens"]
[Result "0-1"]
[WhiteElo "2100"]
[BlackElo "1955"]
[PlyCount "80"]
[EventDate "2005.09.17"]
[EventType "swiss"]
[EventRounds "9"]
[EventCountry "AUT"]
[SourceTitle "EXT 2007"]
[Source "ChessBase"]
[SourceDate "2006.11.23"]
[SourceVersion "1"]
[SourceVersionDate "2006.11.23"]
[SourceQuality "1"]

1. d4 Nf6 2. Nf3 g6 3. g3 Bg7 4. Bg2 0-0 5. 0-0 d5 6. c4 dxc4 7. Na3 c6 8. Nxc4 Be6 9. Nce5 Bd5 10. Re1 Qb6 11. b3 Nbd7 12. Nc4 Qd8 13. Ba3 Re8 14. Bb2 Nb6 15. Rc1 Rc8 16. Bh3 e6 17. Nfe5 Bh6 18. e3 Bxc4 19. bxc4 Nbd7 20. Nxd7 Nxd7 21. d5 cxd5 22. Qd4 e5 23. Qxd5 Nf6 24. Qf3 Rc6 25. Red1 Qe7 26. c5 Rd8 27. Rxd8+ Qxd8 28. Bxe5 Bg7 29. Rd1 Qa5 30. Rd6 Rxd6 31. Bxd6 Qe1+ 32. Kg2 Qb1 33. Bc8 Ne4 34. Qe2 Nc3 35. Qd2 Ne4 36. Qa5 h5 37. Be7 Qc2 38. Qe1 Bc3 39. Qf1 Nd2 40. Qe2 Qe4+ 0-1

[Event "Seefeld op 15th"]
[Site "Seefeld"]
[Date "2004.09.18"]
[Round "1"]
[White "Schirra, Paul"]
[Black "Oettinger, Hagen"]
[Result "0-1"]
[WhiteElo "1752"]
[BlackElo "2100"]
[PlyCount "62"]
[EventDate "2004.09.18"]
[EventType "swiss"]
[EventRounds "9"]
[EventCountry "AUT"]
[SourceTitle "EXT 2005"]
[Source "ChessBase"]
[SourceDate "2004.11.15"]
[SourceVersion "1"]
[SourceVersionDate "2004.11.15"]
[SourceQuality "1"]

1. e4 Nf6 2. Nc3 d5 3. e5 Nfd7 4. f4 e6 5. Nf3 c5 6. g3 Nc6 7. Bg2 Be7 8. 0-0 a6 9. Ne2 b5 10. c3 Bb7 11. d4 Rc8 12. Be3 a5 13. Qd2 b4 14. Rad1 Ba6 15. Rf2 Nb6 16. b3 c4 17. Bf1 cxb3 18. axb3 a4 19. Qa2 bxc3 20. Nxc3 Nb4 21. Qb2 Bxf1 22. Kxf1 a3 23. Qa1 0-0 24. Ne1 Qd7 25. Na2 Qb5+ 26. Kg2 Nxa2 27. Qxa2 Rc3 28. Bc1 Qxb3 29. Qxb3 Rxb3 30. Ra2 Rc8 31. Nc2 Rb2 0-1

[Event "Seefeld op 14th"]
[Site "Seefeld"]
[Date "2003.09.15"]
[Round "3"]
[White "Schuette, Marc"]
[Black "Oettinger, Hagen"]
[Result "1-0"]
[WhiteElo "2286"]
[BlackElo "2138"]
[PlyCount "41"]
[EventDate "2003.09.13"]
[EventType "swiss"]
[EventRounds "9"]
[EventCountry "AUT"]
[SourceTitle "CBM 097 Extra"]
[Source "ChessBase"]
[SourceDate "2004.01.13"]
[SourceVersion "1"]
[SourceVersionDate "2004.01.13"]
[SourceQuality "1"]

1. e4 Nf6 2. Nc3 d5 3. e5 d4 4. Nce2 Ne4 5. c3 Nc5 6. Nxd4 Qd5 7. Qe2 Nc6 8. Nb5 Ne6 9. d4 a6 10. Na3 b5 11. Nc2 Qd8 12. g3 Bb7 13. Bg2 Na5 14. f4 c5 15. Bxb7 Nxb7 16. Qe4 Rb8 17. a4 cxd4 18. cxd4 Rc8 19. axb5 axb5 20. Qxb7 Rxc2 21. Ra8 1-0

[Event "Bayern-chI Bank Hofmann 3rd"]
[Site "Bad Wiessee"]
[Date "1999.10.29"]
[Round "7"]
[White "Asylguzhin, Radik"]
[Black "Oettinger, Hagen"]
[Result "0-1"]
[WhiteElo "2294"]
[BlackElo "2151"]
[PlyCount "76"]
[EventDate "1999.10.23"]
[EventType "swiss"]
[EventRounds "9"]
[EventCountry "GER"]
[SourceTitle "EXT 2001"]
[Source "ChessBase"]
[SourceDate "2000.11.22"]
[SourceVersion "1"]
[SourceVersionDate "2000.11.22"]
[SourceQuality "1"]

1. e4 e6 2. Qe2 b6 3. g3 Bb7 4. Bg2 d5 5. e5 c5 6. Nf3 Ne7 7. 0-0 Nec6 8. d3 Nd7 9. c3 Rc8 10. Re1 Be7 11. Nbd2 Qc7 12. Nf1 Qb8 13. Bf4 0-0 14. h4 Qa8 15. N3d2 Rfd8 16. Nh2 b5 17. a4 bxa4 18. Rxa4 Nb6 19. Ra2 a5 20. Qh5 Nd7 21. Ng4 Qa6 22. Bf1 Re8 23. Bg5 Qb6 24. Nf3 Qd8 25. Bxe7 Qxe7 26. Ng5 Nf8 27. Nh2 f6 28. Ngf3 fxe5 29. Nxe5 Nxe5 30. Qxe5 Nd7 31. Qg5 Nf6 32. Rxa5 Qc7 33. Ra2 d4 34. Bg2 Bxg2 35. Kxg2 e5 36. Ng4 Nxg4 37. Qxg4 Qf7 38. Rxe5 Qxa2 0-1

[Event "Bayern-chI Bank Hofmann 3rd"]
[Site "Bad Wiessee"]
[Date "1999.10.26"]
[Round "4"]
[White "Oettinger, Hagen"]
[Black "Klundt, Klaus"]
[Result "1/2-1/2"]
[WhiteElo "2151"]
[BlackElo "2407"]
[PlyCount "59"]
[EventDate "1999.10.23"]
[EventType "swiss"]
[EventRounds "9"]
[EventCountry "GER"]
[SourceTitle "EXT 2001"]
[Source "ChessBase"]
[SourceDate "2000.11.22"]
[SourceVersion "1"]
[SourceVersionDate "2000.11.22"]
[SourceQuality "1"]

1. d4 c5 2. dxc5 e6 3. Nc3 Bxc5 4. Ne4 Nf6 5. Nxc5 Qa5+ 6. c3 Qxc5 7. Nf3 d5 8. Bf4 Nc6 9. e3 0-0 10. Be2 Re8 11. Ne5 Nd7 12. Nxc6 bxc6 13. 0-0 a5 14. Rc1 Ba6 15. Bxa6 Rxa6 16. Qe2 Rb6 17. c4 Qb4 18. cxd5 cxd5 19. Rc7 Rb7 20. Qc2 e5 21. Qc6 Rxc7 22. Qxc7 exf4 23. Qxd7 Qe7 24. Qxd5 fxe3 25. fxe3 Qxe3+ 26. Kh1 Qf4 27. Qb5 Qe5 28. Qd7 Qe6 29. Qxe6 Rxe6 30. Kg1 1/2-1/2

[Event "Bayern-chI Bank Hofmann 3rd"]
[Site "Bad Wiessee"]
[Date "1999.10.24"]
[Round "2"]
[White "Oettinger, Hagen"]
[Black "Miezis, Normunds"]
[Result "0-1"]
[WhiteElo "2151"]
[BlackElo "2524"]
[PlyCount "30"]
[EventDate "1999.10.23"]
[EventType "swiss"]
[EventRounds "9"]
[EventCountry "GER"]
[SourceTitle "EXT 2001"]
[Source "ChessBase"]
[SourceDate "2000.11.22"]
[SourceVersion "1"]
[SourceVersionDate "2000.11.22"]
[SourceQuality "1"]

1. d4 Nf6 2. Nc3 d5 3. e4 dxe4 4. f3 exf3 5. Nxf3 g6 6. Bc4 Bg7 7. 0-0 0-0 8. Qe1 Bf5 9. Bb3 Nc6 10. Qh4 Na5 11. Bh6 Nxb3 12. axb3 Ng4 13. Bxg7 Kxg7 14. Rae1 e5 15. Ng5 h6 0-1

[Event "Seefeld op 10th"]
[Site "Seefeld"]
[Date "1999.09.13"]
[Round "3"]
[White "Niedermair, Hannes"]
[Black "Oettinger, Hagen"]
[Result "1-0"]
[WhiteElo "1879"]
[BlackElo "2151"]
[PlyCount "81"]
[EventDate "1999.09.11"]
[EventType "swiss"]
[EventRounds "9"]
[EventCountry "AUT"]
[SourceTitle "EXT 2001"]
[Source "ChessBase"]
[SourceDate "2000.11.22"]
[SourceVersion "1"]
[SourceVersionDate "2000.11.22"]
[SourceQuality "1"]

1. Nf3 Nf6 2. g3 b5 3. Bg2 Bb7 4. 0-0 e6 5. d3 d5 6. Nbd2 Nbd7 7. c4 bxc4 8. dxc4 Be7 9. b3 0-0 10. Bb2 c5 11. e3 a5 12. Qc2 a4 13. Rfd1 a3 14. Bc3 Qc7 15. Rac1 e5 16. cxd5 Nxd5 17. Nc4 Nxc3 18. Qxc3 Bf6 19. Qc2 Ra6 20. Nfd2 Bxg2 21. Kxg2 Be7 22. Ne4 Rh6 23. Nc3 Nf6 24. f3 Qc8 25. Nxe5 Qh3+ 26. Kg1 Qh5 27. f4 c4 28. bxc4 Bc5 29. Re1 Bb4 30. Qe2 Qh3 31. Qg2 Qe6 32. Re2 Rc8 33. Nb5 Qb6 34. Nd4 Bc5 35. Rd1 Rd8 36. Red2 Nd7 37. Nf5 Bxe3+ 38. Nxe3 Qxe3+ 39. Kf1 Rb6 40. Qd5 Rb2 41. Nxf7 1-0

[Event "Seefeld op 09th"]
[Site "Seefeld"]
[Date "1998.??.??"]
[Round "7"]
[White "Oettinger, Hagen"]
[Black "Schmitz, Andreas Arnold"]
[Result "1-0"]
[WhiteElo "2010"]
[BlackElo "2130"]
[PlyCount "101"]
[EventDate "1998.09.12"]
[EventType "swiss"]
[EventRounds "9"]
[EventCountry "AUT"]
[SourceTitle "EXT 2000"]
[Source "ChessBase"]
[SourceDate "1999.11.16"]
[SourceVersion "1"]
[SourceVersionDate "1999.11.16"]
[SourceQuality "1"]

1. d4 d5 2. e4 e6 3. Nc3 Bb4 4. e5 c5 5. a3 Bxc3+ 6. bxc3 Qc7 7. Nf3 Bd7 8. Be2 Ba4 9. 0-0 cxd4 10. cxd4 Bxc2 11. Bb5+ Nd7 12. Qe2 a6 13. Bxd7+ Kxd7 14. a4 Bb3 15. Nd2 Qc2 16. Qf3 Bxa4 17. Qxf7+ Ne7 18. Ba3 Rae8 19. Rab1 Bc6 20. Nb3 Rhf8 21. Nc5+ Qxc5 22. Qxe8+ Rxe8 23. Bxc5 Bb5 24. Rfc1 Nc6 25. f4 Na5 26. g4 g6 27. Kf2 Nc4 28. f5 exf5 29. gxf5 gxf5 30. Rg1 Kc6 31. Rbc1 Rxe5 32. dxe5 Kxc5 33. Rg7 d4 34. Rc7+ Kd5 35. R1xc4 Bxc4 36. Rxc4 Kxe5 37. Rc7 b5 38. Ra7 Kd5 39. Rxa6 b4 40. Ke2 Kc4 41. Rc6+ Kb3 42. Kd3 Kb2 43. Kxd4 b3 44. Kd3 f4 45. Rh6 Kc1 46. Rxh7 f3 47. Ke3 b2 48. Rb7 f2 49. Kxf2 b1Q 50. Rxb1+ Kxb1 51. h4 1-0